Countries Hu Jintao Visited - Statistics

General Stats
  • This quiz has been taken 28 times
  • The average score is 58 of 67
Answer Stats
Continent Country % Correct
Oceania Australia
100%
Europe France
100%
Asia Indonesia
100%
Asia Japan
100%
Asia Malaysia
100%
Asia Saudi Arabia
100%
Asia Singapore
100%
Asia South Korea
100%
Europe Spain
100%
Asia United Arab Emirates
100%
Europe United Kingdom
100%
North America United States of America
100%
Africa Algeria
94%
South America Argentina
94%
South America Brazil
94%
South America Chile
94%
North America Cuba
94%
Africa Egypt
94%
Europe Germany
94%
Asia India
94%
Europe Italy
94%
North America Mexico
94%
Oceania New Zealand
94%
Asia North Korea
94%
Asia Pakistan
94%
Europe Portugal
94%
Europe Romania
94%
Asia/ Europe Russia
94%
North America Canada
88%
Asia Kazakhstan
88%
Asia Kyrgyzstan
88%
Asia Laos
88%
Europe Poland
88%
Africa South Africa
88%
Asia Tajikistan
88%
Asia Thailand
88%
Asia Turkmenistan
88%
Europe Ukraine
88%
Asia Uzbekistan
88%
Asia Vietnam
88%
Europe Austria
82%
Europe Greece
82%
Africa Mozambique
82%
South America Peru
82%
Asia Philippines
82%
Europe Sweden
82%
Europe Switzerland
82%
North America Costa Rica
76%
Europe Denmark
76%
Europe Hungary
76%
Africa Liberia
76%
Asia Mongolia
76%
Africa Morocco
76%
Africa Namibia
76%
Africa Senegal
76%
Africa Sudan
76%
Africa Tanzania
76%
Africa Zambia
76%
Asia Brunei
71%
Europe Croatia
71%
Africa Gabon
71%
Europe Slovakia
71%
Africa Cameroon
65%
Africa Mauritius
65%
Africa Nigeria
65%
Africa Seychelles
65%
Africa Mali
59%
No matching quizzes found
Score Distribution
Percent of People with Each Score
Percentile by Number Answered
Your Score History
You have not taken this quiz